00471nam a2200169 a 4500001000400000003000900004008004100013040002800054082001700082100001800099245003000117260004400147300001400191490001600205500006400221650001600285950CO-ViMGA141112s2004 ck r 000 u spa d aCO-ViMGAbspacCO-ViMGA04a891.73 C434h1 aChejov, Anton10aHistoria de un contrabajo aSantafé de Bogotá : bNorma, c1994 a231, 18 p aCara y cruz aEncuadernado con A propósito de Anton Chejov y su obra. 14aNOVELA RUSA